| 000 | 00408nam a2200169Ia 4500 | ||
|---|---|---|---|
| 008 | 220531s9999 xx 000 0 und d | ||
| 041 | _aeng | ||
| 082 | _bPHY / DAS | ||
| 100 |
_aDasgupta, A. S. _930662 |
||
| 245 | _aPhysical Geography | ||
| 250 | _a1ST | ||
| 260 |
_bS Chand & Co _c1990 |
||
| 542 | _d31-03-1991 | ||
| 650 |
_aGeography _930663 |
||
| 906 |
_d1990-1991 _f1711 |
||
| 999 |
_c19299 _d19299 |
||